000 00994nam a22002775i 4500
001 177731
003 ES-MaACL
005 20250901050852.0
008 110415s2001 sp |||| | spa d
020 _a84-923311-6-X
020 _a84-88217-16-1
080 _a613.88-055.2
080 _a613.88-055.1
100 1 _aHite, Shere.
_963834
245 1 4 _aLas mujeres como agentes revolucionarias del cambio /
_cShere Hite ; [diseño, maqueta y portada, Lidia Falcón ; traducción, Silvia Cuevas-Morales].
250 _a1ª ed.
260 _aMadrid :
_bKira Edit :
_bVindicación Feminista,
_c2001.
300 _a542 p. ;
_c22 cm.
650 4 _aMujeres-
_xConducta sexual
_915259
650 7 _aHombres-
_xConducta sexual
_2
_9146204
700 1 _aFalcón, Lidia,
_d1935-
_948707
700 1 _aCuevas Morales, Silvia.
_9145717
710 2 _aVindicación Feminista
_9170615
852 4 _aES-MaACL
_jE-14930
_z- Dedicatoria autógrafa de Lidia Falcón
999 _c177731
_d177731